00567nam a2200145Ia 4500008004100000245010200041260003700143260000900180300000600189650002600195650001200221856009600233999001900329952007300348170516s9999 xx 000 0 und d aPulmonary infection in the renal transplant recipients: Analysis of the radiologic manifestations bRadiology of Infectious Diseases c2014 a: xRadiologic Technology xRadtech uhttps://www.journals.elsevier.com/radiology-of-infectious-diseases/most-downloaded-articles c332740d332740 001040aCLbCLd2017-05-16l0r2017-05-16 00:00:00w2017-05-16yFOJ